000 01060cab a2200337 4500
001 WB2916-12
008 090401t1993 xxu||||| |||| 00| 0 eng d
035 _a(Sirsi) u11696
041 _aeng
245 _aEffects of fall in property values
260 _c1993
350 _a0
490 _aFinancial Times
_v27 April 1993, 24(1)
520 _aThe fall in value of property assets has important repercussions for companies, although companies seem to be unwilling to acknowledge the situation. Most importantly companies will find borrowing opportunities reduced.
650 _aASSETS
650 _aBANKS
650 _aBREWERS
650 _aCONSTRUCTION COMPANIES
650 _aFINANCIAL REPORTING STANDARD 3
650 _aGEARING
650 _aHOTELS
650 _aPROPERTY ASSETS
650 _aPROPERTY PORTFOLIOS
650 _aPROPERTY VALUES
650 _aRETAIL COMPANIES
690 _aPROPERTY-COMMERCIAL PROPERTY
690 _aFINANCE AND INVESTMENT
690 _aRATING AND VALUATION
942 _n0
948 _c04/03/1997
999 _c7466
_d7466